00490nam a2200145Ia 4500008004100000041000800041082001200049100001800061245004500079260004200124300003200166365000900198999001700207952012000224240624s9999 xx 000 0 und d aeng a332 KET aKETTELL BRIAN aISLAMIC FINANCE IN A NUTSHELL A GUIDE FO c2010aNew JerseybJohn Wiley and Sons axvii, : 341 : p. : cm. ; 19 cb27 c16879d16879 00104070aIMTNbIMTNcRack 9-Ad2011-03-28eBWEg27.95o332 KETp16879r2024-06-24 00:00:00t47.9w2024-06-24yBK